000 00647nam a2200217 a 4500
001 BRCA_1206
005 20190320203328.0
008 920511s1991 enka---##b---#001-0#eng-#
020 _a1852381191
040 _aDLC
_cDLC
050 4 _aNK4890
_b.T48 1991
100 1 _aTeuten, Timothy
_93962
245 1 0 _aThe letts guide to collecting masks
_cTimothy Teuten.
260 _aLondres
_bCharles Letts
_c1991.
300 _a96 p.
_bil. a color
_c31 cm.
500 _aIncluye índice alfabético
504 _aBibliografía: p. 94
650 1 4 _aMáscaras
_xHistoria
_93963
650 1 4 _aMáscaras
_xColeccionistas y colecciones
_93964
942 _2lcc
_cB
999 _c1079
_d1079